Karpus Minthej ; seguido de Fortuna imperatrix mundi /
Sábháilte in:
| Príomhchruthaitheoir: | |
|---|---|
| Rannpháirtithe: | |
| Formáid: | Leictreonach Ríomhleabhar |
| Teanga: | Spáinnis |
| Foilsithe / Cruthaithe: |
México, D. F. :
Fondo de Cultura Económica,
2014.
|
| Eagrán: | Primera edición electrónica. |
| Sraith: | Letras mexicanas.
|
| Ábhair: | |
| Rochtain ar líne: | Digitalia Hispánica |
| Clibeanna: |
Cuir clib leis
Níl clibeanna ann, Bí ar an gcéad duine le clib a chur leis an taifead seo!
|
MARC
| LEADER | 00000nam a2200000 i 4500 | ||
|---|---|---|---|
| 001 | DIGFCE1618 | ||
| 003 | NyNyDIG | ||
| 006 | m o d | ||
| 007 | cr ||||||||||| | ||
| 008 | 220827s2014 mx o 000 p spa d | ||
| 035 | |a (OCoLC)956131023 | ||
| 040 | |a DGITA |b eng |e rda |e pn |c DGITA | ||
| 020 | |a 9786071623058 |q eBook |q ePub | ||
| 020 | |z 9786071621016 | ||
| 050 | 1 | 4 | |a PQ7297.A735 ebook |
| 100 | 1 | |a García Bergua, Jordi, |d 1956-1979, |e author. | |
| 245 | 1 | 0 | |a Karpus Minthej ; seguido de Fortuna imperatrix mundi / |c Jordi García Bergua ; prólogo Christopher Domínguez Michael. |
| 246 | 3 | 3 | |a Fortuna imperatrix mundi |
| 250 | |a Primera edición electrónica. | ||
| 264 | 1 | |a México, D. F. : |b Fondo de Cultura Económica, |c 2014. | |
| 300 | |a 1 online resource. | ||
| 336 | |a text |b txt |2 rdacontent | ||
| 337 | |a computer file |b c |2 rdamedia | ||
| 338 | |a online resource |b cr |2 rdacarrier | ||
| 347 | |a text file |2 rdaft | ||
| 347 | |b EPUB | ||
| 490 | 1 | |a Letras mexicanas | |
| 588 | 0 | |a Online resource; title from ePub title page (Digitalia, viewed August 27, 2022) | |
| 655 | 7 | |a Poetry. |2 lcgft | |
| 655 | 0 | |a Electronic books. | |
| 700 | 1 | |a Domínguez Michael, Christopher, 1962- |e contributor agent of text. | |
| 776 | 0 | 8 | |i Print version: |a García Bergua, Jordi, 1956-1979. |t Karpus Minthej. |b Primera edición. |d México, D. F. : Fondo de Cultura Económica, 2014 |z 9786071621016 |
| 791 | 2 | |a Digitalia (Firm), |e distributor. | |
| 793 | 0 | |g Digitalia eBook Collection: |a Fondo de Cultura Económica | |
| 830 | 0 | |a Letras mexicanas. | |
| 856 | 4 | 0 | |3 Digitalia Hispánica |u https://digitalia.unach.elogim.com/a/64538/ |
| 910 | |a Premium collection: 2022 | ||